header

Banks during the Argentine crisis (Record no. 102749)

MARC details
000 -LEADER
fixed length control field 01351nam a2200325Ia 4500
245 00 - TITLE STATEMENT
Title Banks during the Argentine crisis
260 ## - PUBLICATION, DISTRIBUTION, ETC. (IMPRINT)
Place of publication [Washington, D.C.] :
Name of publisher International Monetary Fund, IMF Institute,
Year of publication 2006.
300 ## - PHYSICAL DESCRIPTION
Number of Pages 40 p. :
Other physical details ill.
490 1# - SERIES STATEMENT
Series statement IMF working paper ;
500 ## - GENERAL NOTE
General note "February 2006."
650 #0 - SUBJECT ADDED ENTRY--TOPICAL TERM
Topical Term Banks and banking
Topical Term Bank failures
Topical Term Financial crises
700 1# - ADDED ENTRY--PERSONAL NAME
Personal name Barajas, Adolfo.
856 40 - ELECTRONIC LOCATION AND ACCESS
Uniform Resource Identifier http://site.ebrary.com/lib/rucke/Doc?id=10380745

No items available.

© 2026 Rongo University
Contact us: librarian | system librarian | Rongo university